Seven one act plays

Bibliographic Details
Main Author: Byrne, Don 1955- (Author)
Format: Book
Published: Essex, England Longman c1980
Series:Longman structural readers stage 3
Subjects:

MARC

LEADER 00000cam a2200000 7i4500
001 0000008671
008 021119s1980
090 0 0 |a PE1121  |b .B9 cass. kit 
100 0 |a Byrne, Don  |d 1955-  |e author 
245 1 0 |a Seven one act plays  |c by Don Byrne 
260 2 |a Essex, England  |b Longman  |c c1980 
300 |a 1 sound cassette (69 min) 
440 0 0 |a Longman structural readers  |v stage 3 
650 0 |a Readers 
999 |a 1000081415  |b Book  |c Close Access  |e Gong Badak Campus 
999 |a 1000081416  |b Book  |c Close Access  |e Gong Badak Campus